000 01006nam a2200277Ia 4500
003 IN-BaIIA
008 211028s9999 xx s 000 0 eng d
020 _a978-3-642-27319-3 (Print)
020 _a978-3-642-27320-9 (Online)
022 _a0075-8450 (Print)
022 _a1616-6361 (Online)
040 _cIIA Library
100 _aSchwenk, Achim, ed.
_940467
245 0 _aRenormalization Group and Effective Field Theory Approaches to Many-Body Systems
_h[eBook]
260 _aHeidelberg, Berlin
_bSpringer Berlin Heidelberg
_c2012
300 _aOnline resource
490 _aLecture Notes in Physics
650 _a Mathematical Methods in Physics
650 _a Nuclear Physics, Heavy Ions, Hadrons
_938413
650 _a Numerical and Computational Physics, Simulation
650 _a Quantum Gases and Condensates
_938421
650 _aPhysics
_973
700 _aPolonyi, Janos, ed.
_940468
856 _uhttp://doi.org/10.1007/978-3-642-27320-9
_yClick Here to Access eBook
942 _cEB
999 _c21894
_d21894